000 00665cab a2200217 4500
001 WB3206-21
008 090401t1996 xxu||||| |||| 00| 0 eng d
035 _a(Sirsi) u21104
041 _aeng
245 _aCouncils prefer white paint
260 _c1996
350 _a0
490 _aObserver
_v4 February 1996, 14(1)
520 _aLocal authorities in conservation areas are dictating the colour owners of historic buildings can paint their front doors. White is the preferred colour.
650 _aHISTORIC BUILDINGS
650 _aLOCAL AUTHORITIES
650 _aRESIDENTIAL PROPERTIES
690 _aCONSERVATION
942 _n0
948 _c04/03/1997
999 _c14161
_d14161